| 000 | 01350cam a2200277 i 4500 | ||
|---|---|---|---|
| 005 | 20180803165156.0 | ||
| 008 | 921119r19921990ck ab b 100 0 spa | ||
| 020 | _a9586013847 | ||
| 040 |
_aDLC _cDLC _dDLC _dCO-BoIAVH |
||
| 041 | _aspa | ||
| 043 | _as-ck--- | ||
| 082 | 0 | 4 |
_a333.715 _bA48m |
| 100 | 1 | _aAmaya, María Teresa | |
| 245 | 1 | 0 |
_aMedio ambiente y desarrollo / _cpor María Teresa Amaya y (otros 22 autores) ; Ernesto Guhl N., editor |
| 250 | _aSegunda edición. | ||
| 260 |
_aBogotá : _bEdiciones Uniandes : _bTercer Mundo, _c1992. |
||
| 300 |
_a289 p. : _bill., maps ; _c21 cm. |
||
| 520 | 1 |
_a"Twenty presentations on development and natural environments, mostly about Colombia. Parsons' early ridged field study is revisited. One exceptional paper, by geographer Sandner, emphasizes the importance of involvement on several scales, and presents evidence from Costa Rica and Central America to illustrate this notion"--Handbook of Latin American Studies, v. 57. _uhttp://www.loc.gov/hlas/ |
|
| 650 | 1 | 4 |
_aMedio ambiente _xDesarrollo _zColombia |
| 650 | 2 | 4 | _aConservación del medio ambiente |
| 650 | 2 | 4 | _aPolítica ambiental |
| 650 | 2 | 4 | _aConservación del medio ambiente |
| 700 | 1 |
_aGuhl, Ernesto, _eeditor. |
|
| 710 | 2 | _aUniversidad de los Andes (Colombia) | |
| 942 |
_2ddc _cLIBRO |
||
| 999 |
_c4286 _d4286 |
||